Cultural content of the Sunga Satavahana Art (Record no. 12320)

MARC details
000 -LEADER
fixed length control field 00543nam a2200193Ia 4500
082 ## - DEWEY DECIMAL CLASSIFICATION NUMBER
Classification number TP.0277
100 ## - MAIN ENTRY--AUTHOR NAME
Personal name Prasad, Puranam Radha Krishna
245 #0 - TITLE STATEMENT
Title Cultural content of the Sunga Satavahana Art
260 ## - PUBLICATION, DISTRIBUTION, ETC. (IMPRINT)
Year of publication 1979
Name of publisher Nagpur University
300 ## - PHYSICAL DESCRIPTION
Number of Pages 995p. + C D - 47
650 ## - SUBJECT ADDED ENTRY--TOPICAL TERM
Topical Term SATAVAHANAS, THE
650 ## - SUBJECT ADDED ENTRY--TOPICAL TERM
Topical Term SUNGAS, THE
650 ## - SUBJECT ADDED ENTRY--TOPICAL TERM
Topical Term ART, HINDU - INDIA, ANCIENT
650 ## - SUBJECT ADDED ENTRY--TOPICAL TERM
Topical Term INDIA - HISTORY - 0324 B.C.-1000 A.D.
650 ## - SUBJECT ADDED ENTRY--TOPICAL TERM
Topical Term INDIA - CIVILIZATION
650 ## - SUBJECT ADDED ENTRY--TOPICAL TERM
Topical Term HINDU ART//ART, HINDU
710 ## - ADDED ENTRY--CORPORATE NAME
Corporate name or jurisdiction name as entry element Deo, S.B.
942 ## - ADDED ENTRY ELEMENTS (KOHA)
Koha item type Thesis
Source of classification or shelving scheme Dewey Decimal Classification
Holdings
Withdrawn status Lost status Damaged status Not for loan Home library Current library Date acquired Full call number Accession Number Price effective from Koha item type
        NASSDOC Library NASSDOC Library 08/10/2004 TP.0277 14105 18/04/2019 Thesis